MARC details
| 000 -LEADER |
| fixed length control field |
01091nam a2200265Ia 4500 |
| 003 - CONTROL NUMBER IDENTIFIER |
| control field |
IN-BaIIA |
| 008 - FIXED-LENGTH DATA ELEMENTS--GENERAL INFORMATION |
| fixed length control field |
211028s9999 xx 000 0 eng d |
| 020 ## - INTERNATIONAL STANDARD BOOK NUMBER |
| International Standard Book Number |
90-277-1116-X |
| 040 ## - CATALOGING SOURCE |
| Transcribing agency |
IIA Library |
| 080 ## - UNIVERSAL DECIMAL CLASSIFICATION NUMBER |
| Universal Decimal Classification number |
082.2:52 |
| Item number |
IAU-88 |
| 111 ## - MAIN ENTRY--MEETING NAME |
| Meeting name or jurisdiction name as entry element |
International Astronomical Union Symposium |
| Number of part/section/meeting |
88th |
| Location of meeting |
Canada |
| Date of meeting or treaty signing |
1979 Aug. 7-10 |
| 9 (RLIN) |
12952 |
| 245 #0 - TITLE STATEMENT |
| Title |
Close binary stars- observations and interpretation |
| Remainder of title |
proceedings of the International Astronomical Union Symposium No.88 held in Toronto, Canada, August 7-10, 1979 |
| Statement of responsibility, etc. |
edited by Mirek J. Plavec, Danialm Popper and Roger K. Ulrich |
| 260 ## - PUBLICATION, DISTRIBUTION, ETC. |
| Place of publication, distribution, etc. |
Dordrecht |
| Name of publisher, distributor, etc. |
D. Reidel Publishing |
| Date of publication, distribution, etc. |
1980 |
| 300 ## - PHYSICAL DESCRIPTION |
| Extent |
xx, 598p. |
| 490 ## - SERIES STATEMENT |
| Series statement |
IAU Symposium; no. 88 |
| 500 ## - GENERAL NOTE |
| General note |
Donated by Mrs. Bappu |
| 650 ## - SUBJECT ADDED ENTRY--TOPICAL TERM |
| Topical term or geographic name entry element |
Astronomy and Astrophysics Thesaurus |
| 650 ## - SUBJECT ADDED ENTRY--TOPICAL TERM |
| Topical term or geographic name entry element |
Binary Stars |
| 9 (RLIN) |
1185 |
| 650 ## - SUBJECT ADDED ENTRY--TOPICAL TERM |
| Topical term or geographic name entry element |
Close Binary Stars |
| 9 (RLIN) |
3592 |
| 700 ## - ADDED ENTRY--PERSONAL NAME |
| Personal name |
Plavec, Mirek J., ed. |
| 9 (RLIN) |
12953 |
| 700 ## - ADDED ENTRY--PERSONAL NAME |
| Personal name |
Popper, Danialm, ed. |
| 9 (RLIN) |
12954 |
| 700 ## - ADDED ENTRY--PERSONAL NAME |
| Personal name |
Ulrich, Roger K., ed. |
| 9 (RLIN) |
12955 |
| 710 ## - ADDED ENTRY--CORPORATE NAME |
| Corporate name or jurisdiction name as entry element |
International Astronomical Union |
| 942 ## - ADDED ENTRY ELEMENTS (KOHA) |
| Koha item type |
Books |